00190nam a2200085Ia 4500008004100000100001400041245001900055260002100074260000900095170620s9999 xx 000 0 und d aSarada- H 0aSpoken English bNew Delhi- A.P.H c2010